Parametric amplifiers / (Record no. 182429)
[ view plain ]
| 000 -LEADER | |
|---|---|
| fixed length control field | 00926 a2200217 4500 |
| 003 - CONTROL NUMBER IDENTIFIER | |
| control field | Nust |
| 005 - DATE AND TIME OF LATEST TRANSACTION | |
| control field | 20221205110435.0 |
| 010 ## - LIBRARY OF CONGRESS CONTROL NUMBER | |
| LC control number | 76490837 |
| 020 ## - INTERNATIONAL STANDARD BOOK NUMBER | |
| International Standard Book Number | 007094122X |
| 040 ## - CATALOGING SOURCE | |
| Transcribing agency | Nust |
| 082 00 - DEWEY DECIMAL CLASSIFICATION NUMBER | |
| Classification number | 621.381535,HOW |
| 100 1# - MAIN ENTRY--PERSONAL NAME | |
| Personal name | Howson, D. P. |
| 9 (RLIN) | 104083 |
| 245 10 - TITLE STATEMENT | |
| Title | Parametric amplifiers / |
| Statement of responsibility, etc. | D. P. Howson and R. B. Smith. |
| 260 ## - PUBLICATION, DISTRIBUTION, ETC. | |
| Place of publication, distribution, etc. | London, |
| -- | New York, |
| Name of publisher, distributor, etc. | McGraw-Hill, |
| Date of publication, distribution, etc. | 1970. |
| 300 ## - PHYSICAL DESCRIPTION | |
| Extent | viii, 165 p. |
| Other physical details | illus. |
| Dimensions | 23 cm. |
| 490 0# - SERIES STATEMENT | |
| Series statement | European electrical and electronic engineering series |
| 505 ## - FORMATTED CONTENTS NOTE | |
| Formatted contents note | Amplification and Frequency Changing (Page-1), Noise and the Varactor (Page-23), Three-Frequency Amplifiers and Converters (Page-66), Three Frequency Amplifiers (Page-85), Four Frequency Amplifiers and Converters (Page-111), Up-Converters, Down Converters and Two Diode Amplifiers (Page-137). |
| 650 #0 - SUBJECT ADDED ENTRY--TOPICAL TERM | |
| Topical term or geographic name entry element | Telecommunications engineering. |
| 9 (RLIN) | 58485 |
| 700 1# - ADDED ENTRY--PERSONAL NAME | |
| Personal name | Smith, Roy Barrington, |
| 9 (RLIN) | 104084 |
| 942 ## - ADDED ENTRY ELEMENTS (KOHA) | |
| Source of classification or shelving scheme | |
| Koha item type | Book |
| Withdrawn status | Lost status | Source of classification or shelving scheme | Damaged status | Not for loan | Permanent Location | Current Location | Shelving location | Date acquired | Full call number | Barcode | Date last seen | Price effective from | Koha item type | Public note |
|---|---|---|---|---|---|---|---|---|---|---|---|---|---|---|
| Military College of Signals (MCS) | Military College of Signals (MCS) | General Stacks | 12/12/2016 | 621.381535,HOW | MCS5539 | 12/08/2016 | 12/12/2016 | Book | Almirah No.34, Shelf No.4 |
